000 00432nam a22001697a 4500
005 20180905144901.0
008 160623b xxu||||| |||| 00| 0 eng d
020 _a978-0-07-040267-6
041 _aeng
082 _b9343
_a658.403
100 _aDavis, Gordon and Olson, Margrethe. H.
_94861
245 _aManagement Information System
260 _bTMH
_c2008
_adelhi
300 _a671p,
650 _aManagement
_9241
942 _cBK
999 _c3672
_d3671